000 00254nam a2200097Ia 4500
008 240331s9999 xx 000 0 und d
082 _a303.6
_bSCI
100 _aNandy, A. ed
245 0 _aScience, hegemony and violence :
_ba requiem for modernity
942 _cL
999 _c1289
_d1289